|
|
|
|
| LEADER |
00000nam0a2200000 4500 |
| 001 |
280657 |
| 005 |
20250131181058.0 |
| 035 |
|
|
|a (RuTPU)RU\TPU\book\304212
|
| 090 |
|
|
|a 280657
|
| 100 |
|
|
|a 20150114d1986 k y0rusy5003 ca
|
| 101 |
0 |
|
|a rus
|
| 102 |
|
|
|a RU
|
| 105 |
|
|
|a a z 001zy
|
| 200 |
1 |
|
|a Изыскания и активное проектирование
|f Всесоюзный проектно-изыскательский и научно-исследовательский институт "ГИДРОПРОЕКТ" имени С. Я. Жука ; под ред. Л. А. Молокова, Ю. А. Фишмана
|
| 210 |
|
|
|a Москва
|c Изд-во Ин-та Гидропроекта
|d 1986
|
| 215 |
|
|
|a 166 с.
|c ил.
|
| 225 |
1 |
|
|a Сборник научных трудов Гидропроекта
|v Вып. 113
|
| 320 |
|
|
|a Библиогр. в конце ст.
|
| 500 |
1 |
0 |
|a Сборник научных трудов Гидропроекта
|9 88831
|
| 606 |
|
|
|a Гидротехнические сооружения
|x Проектирование
|2 stltpush
|3 (RuTPU)RU\TPU\subj\6864
|9 34646
|
| 610 |
1 |
|
|a гидротехническое строительство
|
| 610 |
1 |
|
|a инженерно-географические исследования
|
| 610 |
1 |
|
|a изыскания
|
| 610 |
1 |
|
|a проектирование
|
| 675 |
|
|
|a 626/628.001
|v 3
|
| 702 |
|
1 |
|a Молоков
|b Л. А.
|g Лев Александрович
|4 340
|
| 702 |
|
1 |
|a Фишман
|b Ю. А.
|4 340
|
| 712 |
0 |
2 |
|a Всесоюзный проектно-изыскательский и научно-исследовательский институт "ГИДРОПРОЕКТ" имени С. Я. Жука
|3 (RuTPU)RU\TPU\col\11545
|9 25169
|
| 801 |
|
0 |
|a RU
|b RuMRKP
|c 19950704
|g psbo
|
| 801 |
|
1 |
|a RU
|b 63413507
|c 20150114
|
| 801 |
|
2 |
|a RU
|b 63413507
|c 20170629
|g RCR
|
| 942 |
|
|
|c BK
|